000 01052nam a2200229 a 4500
001 48579
003 BD-RjUL
005 20211209054541.0
008 160814s1987 ii ||||| |||| 00| f ben d
035 _a(BD-RjUL)48698
040 _aBD-RjUL
_bben
_cBD-RjUL
041 _aben
082 _223
_a891.443
_bMUP 1987
100 _aমুখোপাধ্যায়, প্রভাত
_9121206
245 1 0 _aপ্রভাত মুখোপাধ্যায়ের আরো প্রেমের গল্প /
_cপ্রভাত মুখোপাধ্যায় ; সম্পাদক প্রফুল্ল কুমার পাত্র
260 _aকলিকাতা :
_bপাত্র'জ পাবলিকেশনস,
_c১৯৮৭
300 _a[২], ২৫৩ পৃ. ;
_c২০ সেমি
650 _aবাংলা উপন্যাস
_9146770
650 _aBengali Fiction
_9146771
700 _aপাত্র, প্রফুল্ল কুমার, সম্পাদক
_9146772
942 _2ddc
_cBK
999 _c48579
_d48579